00904nam a2200205 a 450000100100000000500170001000800410002702000180006804000250008608200150011110000370012624500760016326000470023930000280028659000280031495201130034295201130045595201130056899900170068100004718420201002053427.0180418s2017 dr a 000 spa d a9789945124606 aDO-SdBNPbspacBNPHU axxxbM717l1 aMolina Martínez, Delkis974944 0aLengua española 3 :. :bnivel secundario /cDelkis Molina Martínez. aSanto Domingo :bSusaeta Ediciones,c2017. a237 p. :bil. ;c30 cm. aInventariado, 2018 / DG 0010718PDaGRbGRcHDd2018-04-18iLF1l0oxxx M717lp47184-30r2020-06-25w2020-06-25yLFPDZNo se presta 0010718PDaPDbPDcHDd2018-04-18iLF1l0oxxx M717lp47184-10r2020-06-25w2020-06-25yLFPDZNo se presta 0010718PDaPDbPDcHDd2018-04-18iLF1l0oxxx M717lp47184-20r2020-06-25w2020-06-25yLFPDZNo se presta c46672d46672